| 000 | 00853cam a2200301 a 4500 | ||
|---|---|---|---|
| 001 | 15460122 | ||
| 003 | OSt | ||
| 005 | 20140310182230.0 | ||
| 008 | 080922r20082007enk 000 f eng | ||
| 010 | _a 2008425881 | ||
| 020 | _a9780552773218 (pbk.) | ||
| 020 | _a9780552773218 | ||
| 035 | _a(OCoLC)ocn174129939 | ||
| 040 |
_aUKM _cUKM _dBTCTA _dBAKER _dDLC |
||
| 042 | _alccopycat | ||
| 050 | 0 | 0 |
_aPR 6051.S73 _b.As855 2008 |
| 082 |
_aFIC _bAs8l 2008 |
||
| 100 | 1 |
_aAstley, Judy. _918058 |
|
| 245 | 1 | 0 |
_aLaying the ghost / _cJudy Astley. |
| 260 |
_aLondon : _bBlack Swan, _c2008. |
||
| 300 |
_a349 p. ; _c20 cm. |
||
| 541 | _j1 | ||
| 562 | _e1 | ||
| 650 | 0 |
_aSingle women _vFiction. _918059 |
|
| 906 |
_a7 _bcbc _ccopycat _d3 _encip _f20 _gy-gencatlg |
||
| 942 |
_2lcc _cFIC |
||
| 999 |
_c10884 _d10884 |
||